000 00238nam a22000857a 4500
008 161126b xxu||||| |||| 00| 0 eng d
100 _91472
_aYoung Learners
245 _aThree little Pigs
260 _aNew Delhi
_bYoung Learners publication
_c2011
999 _c4193
_d4193